Problems and prospects in rubber research (Record no. 65715)

MARC details
000 -LEADER
fixed length control field 00368nam a2200133Ia 4500
100 ## - MAIN ENTRY--AUTHOR NAME
Personal name Ananth K C
245 #0 - TITLE STATEMENT
Title Problems and prospects in rubber research
260 ## - PUBLICATION, DISTRIBUTION, ETC. (IMPRINT)
Name of publisher Souvenir, Rubber Planters Conference, India, 1968
Year of publication 1968
300 ## - PHYSICAL DESCRIPTION
Number of Pages 64-66
650 ## - SUBJECT ADDED ENTRY--TOPICAL TERM
Topical Term Rubber research
700 ## - ADDED ENTRY--PERSONAL NAME
Personal name Abdul Kalam M
942 ## - ADDED ENTRY ELEMENTS (KOHA)
Koha item type Journals
Holdings
Withdrawn status Lost status Damaged status Not for loan Home library Current library Shelving location Date acquired Koha item type
      Journals RRII Library RRII Library Rubber general 17/12/2021 Journals